Osman's dream : the story of the Ottoman Empire, 1300-1923 /
Saved in:
Main Author:
Format: Book
Language: English
Published:
London :
John Murray,
2006.
Subjects:
Tags: Add Tag
No Tags, Be the first to tag this record!
Call Number: DR486 .F56 2006
| LEADER | 00907namaa2200253 4500 | ||
|---|---|---|---|
| 001 | 12281 | ||
| 003 | OSt | ||
| 005 | 20240925093505.0 | ||
| 008 | 130303s2006 enkabc b 001 0 eng d | ||
| 952 | |0 0 |1 0 |2 lcc |4 0 |6 DR0486 F56 02006 |7 1 |9 58349 |a ARCE |b ARCE |d 2023-12-19 |l 0 |o DR486 .F56 2006 |p 1010678 |r 2023-12-19 00:00:00 |w 2023-12-19 |y BK | ||
| 999 | |c 10737 |d 10737 | ||
| 020 | |a 0719561124 | ||
| 040 | |c ARCE Library | ||
| 043 | |a a-tu--- | ||
| 050 | 4 | |a DR486 .F56 2006 | |
| 100 | 1 | |a Finkel, Caroline, |e author | |
| 245 | 1 | 0 | |a Osman's dream : |b the story of the Ottoman Empire, 1300-1923 / |c Caroline Finkel. |
| 264 | 1 | |a London : |b John Murray, |c 2006. | |
| 300 | |a xix, 674 pages : |b illustrations, maps, portrait ; |c 20 cm. | ||
| 504 | |a Includes bibliographical references (pages 610-641) and index. | ||
| 555 | |a .alaa-sweed | ||
| 651 | 0 | |a Turkey |x History |y Ottoman Empire, 1288-1918. | |
| 901 | |a reviewed | ||
| 942 | |c BK |2 lcc | ||
